000 00552nam a2200169Ia 4500
003 IN-BaIIA
008 211028s9999 xx 000 0 eng d
020 _a0-442-26493-3
040 _cIIA Library
080 _a(035)51
_bPEA
245 0 _aHandbook of applied mathematics-selected results and methods
_cedited by Carl, E. Pearson
260 _aNew York
_bVan Nostrand Reinhold
_c1974
650 _aApplied mathematics
_91718
650 _aMathematics
_982
700 _aPearson Carl, E., ed.
_910193
942 _cBK
999 _c5876
_d5876